[Event "Bad Pyrmont Pape op-B 2nd"]
[Site "Bad Pyrmont"]
[Date "2023.08.12"]
[Round "5"]
[White "Wahl, Bernhard"]
[Black "Warnig, Marcel"]
[Result "0-1"]
[WhiteElo "1805"]
[BlackElo "1527"]
[PlyCount "46"]
[EventDate "2023.08.10"]
[EventType "swiss"]
[EventCountry "GER"]
[SourceTitle "EXT 2024"]
[Source "ChessBase"]
[SourceDate "2023.10.10"]
[SourceVersion "1"]
[SourceVersionDate "2023.10.10"]
[SourceQuality "1"]

1. e4 c5 2. Nf3 Nc6 3. c3 d5 4. Bb5 dxe4 5. Ne5 Qc7 6. Nxc6 bxc6 7. Ba4 Ba6 8. Bc2 Nf6 9. b3 e6 10. c4 Bd6 11. h3 Rd8 12. 0-0 Be5 13. Nc3 Bxc3 14. Rb1 0-0 15. Qe2 Bd4 16. d3 exd3 17. Bxd3 Rfe8 18. Kh1 e5 19. f3 h6 20. g4 e4 21. Bc2 Qg3 22. fxe4 Qxh3+ 23. Qh2 Qxf1+ 0-1

[Event "Greifswald Ryck op 24th"]
[Site "Greifswald"]
[Date "2023.07.20"]
[Round "2"]
[White "Grosse Thie, Paul"]
[Black "Warnig, Marcel"]
[Result "1-0"]
[WhiteElo "1241"]
[BlackElo "1527"]
[PlyCount "83"]
[EventDate "2023.07.19"]
[EventType "swiss"]
[EventRounds "7"]
[EventCountry "GER"]
[SourceTitle "CBM 215 Extra"]
[Source "ChessBase"]
[SourceDate "2023.09.30"]
[SourceVersion "1"]
[SourceVersionDate "2023.09.30"]
[SourceQuality "1"]

1. d4 Nf6 2. Bf4 c5 3. e3 cxd4 4. exd4 d5 5. Nd2 g6 6. Ngf3 Bg7 7. Be2 0-0 8. 0-0 Nc6 9. c3 a6 10. Nb3 Ne4 11. Nfd2 Bf5 12. Nxe4 dxe4 13. Nc5 b6 14. Nxa6 Be6 15. a3 Bc8 16. Nb4 Nxb4 17. axb4 Bb7 18. Rxa8 Bxa8 19. Qa4 Qd5 20. Qc2 Bb7 21. Ra1 e5 22. dxe5 Bxe5 23. Bxe5 Qxe5 24. Qd2 Re8 25. Qd4 e3 26. Qxe5 exf2+ 27. Kxf2 Rxe5 28. Bf3 Rf5 29. h3 Bd5 30. Kg3 Bxf3 31. gxf3 Kf8 32. Ra6 Rf6 33. c4 h5 34. c5 Ke7 35. Rxb6 Rxb6 36. cxb6 Kd7 37. Kf4 f6 38. Ke4 Kd6 39. b7 Kc7 40. Kd5 g5 41. Ke6 g4 42. fxg4 1-0